History Quiz

Random History or Century Quiz
Score 0/12 Timer 06:00
2 Plays Today
Question Answer Wrong Answers
Art
Which of these paintings is by Vincent Van Gogh?
Starry Night
93.8%
Water Lilies
4%
La Grande Jatte
1.2%
Persistence of Memory
1%
Biography
Which of these British Prime Ministers was also a Nobel Prize winner?
Churchill
76.9%
Blair
7.4%
Thatcher
12.9%
Cameron
1.5%
War
Which of these photographs is from World War I?
World War I
76.2%
World War II
8.2%
Korean War
4.4%
US Civil War
7.8%
World Leaders
Which of these people leads a G7 country?
Merkel
75.3%
Putin
10.6%
Xi
6%
Nieto
4.5%
Century
Which of these devices was NOT invented in the twentieth century?
Telephone
72.7%
Television
1.4%
Helicopter
8.2%
Airplane
16%
Decade
Which of these events happened in a different decade from the others?
Nixon Resigns
69.9%
I Have a Dream
5.5%
Moon Landing
4.3%
Woodstock
18.2%
On This Day
Which of these locations is famously tied to events that occurred on December 7th?
Pearl Harbor
62.7%
Alamo
11.2%
Bastille
12.3%
Red Square
11%
Politics
Which electoral map represents the US Presidential election of 2000?
2000
58.5%
1968
11.4%
1984
8%
1908
18.9%
US Presidents
Which of these Presidents did NOT die on July 4th?
Washington
55.9%
Adams
12.1%
Jefferson
9.8%
Monroe
18.9%
Discovery
Which of these crops was NOT discovered in the 'New World?'
Banana
47.7%
Corn
5.8%
Tomatoes
19.4%
Potatoes
24.8%
Year
Which of these events did NOT occur in 1989?
Mandela Inauguration
42.6%
Berlin Wall Falls
13%
Tiananmen Square
17.3%
Bush Inauguration
23.6%
Nation
Which of these flags represents the world's newest nation as recognized by Sporcle?
South Sudan
33.2%
Timor Leste
15.5%
Bosnia Herzegovina
30.4%
Nauru
18.2%
Remove Ads.
Support Sporcle.
Get the best of Sporcle when you Go Orange. This ad-free experience offers more features, more stats, and more fun while also helping to support Sporcle. Thank you for becoming a member.

You're not logged in!

Compare scores with friends on all Sporcle quizzes.
OR
Log In

Show Comments

Extras

Top Quizzes Today


Score Distribution

Your Account Isn't Verified!

In order to create a playlist on Sporcle, you need to verify the email address you used during registration. Go to your Sporcle Settings to finish the process.

Report this User

Report this user for behavior that violates our Community Guidelines.

Details: